Sociología de la Literatura / (Record no. 4511)

000 -CABECERA
fixed length control field 01008nam a22002537a 4500
003 - IDENTIFICADOR DEL NÚMERO DE CONTROL
control field AR-CdUCM
008 - DATOS DE LONGITUD FIJA--INFORMACIÓN GENERAL
fixed length control field 190308b ||||| |||| 00| 0 spa d
040 ## - FUENTE DE LA CATALOGACIÓN
Agencia/entidad que catalogó originalmente la obra MUNICIPALIDAD PROVINCIAL DEL CUSCO
Entidad que transcribió la catalogación BIBLIOTECA MUNICIPAL DEL CUSCO
082 ## - NÚMERO DE LA CLASIFICACIÓN DECIMAL DEWEY
No. de Clasificación 804 /
Notacion interna L97
100 ## - ENTRADA PRINCIPAL--NOMBRE DE PERSONA
Nombre Personal Lukacs, Gyorgy
245 ## - MENCIÓN DE TÍTULO
Título Sociología de la Literatura /
260 ## - PUBLICACIÓN, DISTRIBUCIÓN, ETC.
Lugar de publicación, distribución, etc. Madrid :
Nombre de la editorial, distribuidor, etc. Ediciones Península ;
Fecha de publicación, distribución, etc. 1966.
300 ## - DESCRIPCIÓN FÍSICA
Nº de Páginas Extensión 505 páginas ;
Dimensiones 20cm
440 ## - MENCIÓN DE SERIE/PUNTO DE ACCESO ADICIONAL--TÍTULO
Título Colección Historia, Ciencia, Sociedad
Número de la parte/sección de una obra 2
9 (RLIN) 14148
505 ## - NOTA DE CONTENIDO CON FORMATO
Nota de contenido formateada Contenido: Marxismo y literatura -- Reflexiones sobre una estética de cine -- Civilizaciones cerradas -- El problema de la Filosofía de la Historia de las formas -- Relatividad y significado filosófico-histórico de la Novela...
650 ## - PUNTO DE ACCESO ADICIONAL DE MATERIA--TÉRMINO DE MATERIA
Descriptor Sociología
9 (RLIN) 276
650 ## - PUNTO DE ACCESO ADICIONAL DE MATERIA--TÉRMINO DE MATERIA
Descriptor Historia
9 (RLIN) 246
650 ## - PUNTO DE ACCESO ADICIONAL DE MATERIA--TÉRMINO DE MATERIA
Descriptor Cine
9 (RLIN) 14149
650 ## - PUNTO DE ACCESO ADICIONAL DE MATERIA--TÉRMINO DE MATERIA
Descriptor Literatura moderna
9 (RLIN) 9575
650 ## - PUNTO DE ACCESO ADICIONAL DE MATERIA--TÉRMINO DE MATERIA
Descriptor Drama histórico
9 (RLIN) 14150
700 ## - PUNTO DE ACCESO ADICIONAL--NOMBRE DE PERSONA
Nombre Personal Ludz, Peter (edición original)
9 (RLIN) 14151
942 ## - ELEMENTOS DE PUNTO DE ACCESO ADICIONAL (KOHA)
Fuente de clasificación
Tipo de item Libros-BMC
945 ## - PROCESAMIENTO DE INFORMACIÓN LOCAL (OCLC)
Catalogador nom
Holdings
Estado de retiro (separado) Fuente de clasificación o esquema de estanterías Estado dañado Ubicación Sala donde se ubica Nombre de la colección Fecha de adquisición o compra Costo, precio normal en soles Signatura topográfica Código de Barras Última vez visto (Koha) Tipo de ítem (Koha)
No     Sala Humanidades Sala Humanidades Book Cart 2019-03-08 80.00 804 / L97 SH0000004892 2019-03-08 Libros-BMC

Powered by Koha